Normal view
MARC view
- Safire, William,
Entry Personal Name
001 - CONTROL NUMBER
- control field: 107379
003 - CONTROL NUMBER IDENTIFIER
- control field: NUST
005 - DATE AND TIME OF LATEST TRANSACTION
- control field: 20230123111234.0
008 - FIXED-LENGTH DATA ELEMENTS
- fixed length control field: 230123|| aca||aabn | a|a d
040 ## - CATALOGING SOURCE
- Original cataloging agency: NUST
- Transcribing agency: NUST
100 ## - HEADING--PERSONAL NAME
- Personal name: Safire, William,
- Dates associated with a name: 1929-2009
670 ## - SOURCE DATA FOUND
- Source citation: Work cat.: (NUST)186692: Lend me your ears :, c1997.
